[Event "XVI. DBMM Schach"]
[Site "Dresden"]
[Date "2016.11.05"]
[Round "5.3"]
[White "Huebner, Detlef"]
[Black "Quast, Michael"]
[Result "0-1"]
[WhiteElo "1558"]
[BlackElo "1723"]
[Annotator "fb"]
[PlyCount "49"]
[EventDate "2016.11.??"]
[SourceTitle "XVI. DBMM 2016"]
[Source "FV Schach e.V."]
[SourceDate "2017.06.14"]
[SourceVersion "1"]
[SourceVersionDate "2017.06.14"]
[SourceQuality "1"]
[WhiteTeam "Commerzbank Frankfurt II"]
[BlackTeam "BA Tempelhof Berlin II"]
[WhiteTeamCountry "GER"]
[BlackTeamCountry "GER"]

1. c4 b6 2. d4 e6 3. Nc3 Bb7 4. Nh3 Bb4 5. Bd2 f5 6. f3 Qh4+ 7. Nf2 Qxd4 8. e3
Qh4 9. a3 Be7 10. Be2 Nh6 11. Qc2 O-O 12. e4 fxe4 13. Ncxe4 Nf5 14. g3 Qh5 15.
Qd3 Qf7 16. Ng5 Bxg5 17. Bxg5 c5 18. Ne4 d5 19. Nc3 dxc4 20. Qxc4 Nd4 21. Ne4
Ba6 22. Nd6 Bxc4 23. Nxf7 Bxe2 24. Ne5 Bxf3 25. Nxf3 0-1

[Event "XVI. DBMM Schach"]
[Site "Dresden"]
[Date "2016.11.05"]
[Round "5.4"]
[White "Schneider, Eckehard"]
[Black "Hoffmann, Frank"]
[Result "1-0"]
[WhiteElo "1811"]
[BlackElo "1492"]
[Annotator "br"]
[PlyCount "93"]
[EventDate "2016.11.??"]
[SourceTitle "XVI. DBMM 2016"]
[Source "FV Schach e.V."]
[SourceDate "2017.06.14"]
[SourceVersion "1"]
[SourceVersionDate "2017.06.14"]
[SourceQuality "1"]
[WhiteTeam "BA Tempelhof Berlin II"]
[BlackTeam "Commerzbank Frankfurt II"]
[WhiteTeamCountry "GER"]
[BlackTeamCountry "GER"]

1. e4 c6 2. d4 d5 3. Nc3 dxe4 4. Nxe4 Bf5 5. Ng3 Bg6 6. Nf3 Nd7 7. h4 h6 8. h5
Bh7 9. Bd3 Bxd3 10. Qxd3 e6 11. Bd2 Ngf6 12. O-O-O Qc7 13. Kb1 O-O-O 14. Qe2
Bd6 15. Ne4 Nxe4 16. Qxe4 Nf6 17. Qe2 Bf4 18. Be1 Rhe8 19. g3 Bd6 20. Qc4 Nd5
21. Bd2 b5 22. Qd3 a5 23. c4 bxc4 24. Qxc4 Kd7 25. Rc1 Ra8 26. Ne5+ Bxe5 27.
dxe5 Reb8 28. Rhe1 Qb6 29. Rc2 Qb5 $11 30. Qd4 Ke8 31. Rc5 Qb6 32. Rec1 Kd7 33.
R1c2 Ra6 34. f4 Ke7 35. f5 exf5 36. Qc4 Rc8 37. Qa4 Rc7 38. Bxa5 Qa7 39. b4 Nb6
40. Qa3 Nd5 41. Rxd5 cxd5 42. Rxc7+ Qxc7 43. b5+ Ke8 44. bxa6 Qa7 45. Qa4+ Kf8
46. Qb4+ Kg8 47. Qb6 1-0

[Event "XVI. DBMM Schach"]
[Site "Dresden"]
[Date "2016.11.05"]
[Round "6.1"]
[White "Maiwald, Jens Uwe"]
[Black "Blum, Norbert"]
[Result "1-0"]
[WhiteElo "2448"]
[BlackElo "1986"]
[Annotator "br"]
[PlyCount "73"]
[EventDate "2016.11.??"]
[SourceTitle "XVI. DBMM 2016"]
[Source "FV Schach e.V."]
[SourceDate "2017.06.14"]
[SourceVersion "1"]
[SourceVersionDate "2017.06.14"]
[SourceQuality "1"]
[WhiteTeam "UKA GmbH Meissen"]
[BlackTeam "Sparkassen-Versicherung Stuttgart"]
[WhiteTeamCountry "GER"]
[BlackTeamCountry "GER"]

1. e4 e6 2. d3 c5 3. Nf3 Nc6 4. g3 g6 5. Bg2 Bg7 6. O-O Nge7 7. c3 O-O 8. Re1
d5 9. e5 b5 10. Nbd2 c4 11. a4 Qa5 12. b4 cxb3 13. Nxb3 Qb6 14. axb5 Qxb5 15.
Ba3 Re8 16. Qc2 Qb6 17. g4 Bd7 18. d4 Qd8 19. Reb1 Nc8 20. Nc5 Nb6 21. Nb7 Qc7
22. Nd6 Reb8 23. Bc5 Nd8 24. Nd2 Nb7 25. Nxb7 Rxb7 26. c4 Bc6 27. Bxb6 Rxb6 28.
cxd5 exd5 29. Bxd5 Re8 30. Bxc6 Rxc6 31. Qe4 Bh6 32. Nf3 Qe7 33. Kg2 Rc1 34.
Rb7 Rc7 35. Raxa7 Rxb7 36. Rxb7 Qa3 37. e6 1-0

[Event "XVI. DBMM Schach"]
[Site "Dresden"]
[Date "2016.11.05"]
[Round "6.2"]
[White "Bischoff, Ulrich"]
[Black "Urban, Konstantin"]
[Result "0-1"]
[WhiteElo "2107"]
[BlackElo "2361"]
[Annotator "br"]
[PlyCount "38"]
[EventDate "2016.11.??"]
[SourceTitle "XVI. DBMM 2016"]
[Source "FV Schach e.V."]
[SourceDate "2017.06.14"]
[SourceVersion "1"]
[SourceVersionDate "2017.06.14"]
[SourceQuality "1"]
[WhiteTeam "Sparkassen-Versicherung Stuttgart"]
[BlackTeam "UKA GmbH Meissen"]
[WhiteTeamCountry "GER"]
[BlackTeamCountry "GER"]

1. e4 c5 2. Nf3 d6 3. d4 cxd4 4. Nxd4 Nf6 5. Nc3 a6 6. Bc4 e6 7. Bb3 Be7 8. Bg5
O-O 9. Qf3 Nbd7 10. O-O-O Qc7 11. Qg3 Nc5 12. Rhe1 b5 13. f4 b4 14. e5 dxe5 15.
fxe5 bxc3 16. Qh4 Nxb3+ 17. Nxb3 Nd5 18. Rd3 Bxg5+ 19. Qxg5 Nb4 0-1

[Event "XVI. DBMM Schach"]
[Site "Dresden"]
[Date "2016.11.05"]
[Round "6.3"]
[White "Loxine, Jakov"]
[Black "Marten, Gero"]
[Result "1/2-1/2"]
[WhiteElo "2409"]
[BlackElo "2010"]
[Annotator "br"]
[PlyCount "51"]
[EventDate "2016.11.??"]
[SourceTitle "XVI. DBMM 2016"]
[Source "FV Schach e.V."]
[SourceDate "2017.06.14"]
[SourceVersion "1"]
[SourceVersionDate "2017.06.14"]
[SourceQuality "1"]
[WhiteTeam "UKA GmbH Meissen"]
[BlackTeam "Sparkassen-Versicherung Stuttgart"]
[WhiteTeamCountry "GER"]
[BlackTeamCountry "GER"]

1. Nf3 c5 2. c4 g6 3. e4 Bg7 4. d4 cxd4 5. Nxd4 Nf6 6. Nc3 Nc6 7. Be3 O-O 8.
Be2 d6 9. O-O Nxd4 10. Bxd4 Be6 11. Qd2 Qa5 12. Rad1 Rfc8 13. b3 a6 14. Bxf6
Bxf6 15. Nd5 Qxd2 16. Nxf6+ Kg7 17. Nh5+ gxh5 18. Rxd2 Rc5 19. f4 f6 20. a4 a5
21. f5 Bf7 22. Rf3 Re5 23. Rd4 Rg8 24. Rg3+ Kh6 25. Kf2 Rg5 26. h4 1/2-1/2

[Event "XVI. DBMM Schach"]
[Site "Dresden"]
[Date "2016.11.05"]
[Round "6.4"]
[White "Seifert, Martin"]
[Black "Hoffmann, Paul"]
[Result "0-1"]
[WhiteElo "1988"]
[BlackElo "2372"]
[Annotator "br"]
[PlyCount "92"]
[EventDate "2016.11.??"]
[SourceTitle "XVI. DBMM 2016"]
[Source "FV Schach e.V."]
[SourceDate "2017.06.14"]
[SourceVersion "1"]
[SourceVersionDate "2017.06.14"]
[SourceQuality "1"]
[WhiteTeam "Sparkassen-Versicherung Stuttgart"]
[BlackTeam "UKA GmbH Meissen"]
[WhiteTeamCountry "GER"]
[BlackTeamCountry "GER"]

1. e4 c5 2. Nf3 Nc6 3. d4 cxd4 4. Nxd4 Nf6 5. Nc3 d6 6. Bg5 Qb6 7. Bxf6 gxf6 8.
Nb3 e6 9. Qd2 a6 10. O-O-O Bd7 11. Kb1 O-O-O 12. Qf4 Be7 13. Be2 h5 14. Rhf1
Rdg8 15. g3 Ne5 16. h4 Kb8 17. Qd2 Rc8 18. Rde1 Nc4 19. Bxc4 Rxc4 20. Qd3 Rhc8
21. Qf3 Rh8 22. Re3 a5 23. Qe2 Rcc8 24. Nd2 a4 25. Nc4 Qb4 26. Na3 Rc5 27. Rd1
Rhc8 28. Rdd3 Bf8 29. Qd1 Qa5 30. f4 Be8 31. Ne2 f5 32. exf5 Rxf5 33. c3 Rfc5
34. Nc2 Qb6 35. Na3 e5 36. Ka1 f6 37. fxe5 dxe5 38. Re4 Qa6 39. Rd8 Rxd8 40.
Qxd8+ Rc8 41. Qd1 Be7 42. Re3 Rd8 43. Qc2 Bc5 44. Rf3 Bxa3 45. bxa3 Bg6 46.
Qxg6 Qxe2 0-1

[Event "XVI. DBMM Schach"]
[Site "Dresden"]
[Date "2016.11.05"]
[Round "6.1"]
[White "Seger, Ruediger"]
[Black "Schramm, Christian"]
[Result "1/2-1/2"]
[WhiteElo "2372"]
[BlackElo "2390"]
[Annotator "br"]
[PlyCount "45"]
[EventDate "2016.11.??"]
[SourceTitle "XVI. DBMM 2016"]
[Source "FV Schach e.V."]
[SourceDate "2017.06.14"]
[SourceVersion "1"]
[SourceVersionDate "2017.06.14"]
[SourceQuality "1"]
[WhiteTeam "Deutsche Post Bonn"]
[BlackTeam "AGI Frankfurt"]
[WhiteTeamCountry "GER"]
[BlackTeamCountry "GER"]

1. e4 e6 2. d4 d5 3. Nd2 c5 4. exd5 Qxd5 5. Ngf3 cxd4 6. Bc4 Qd7 7. O-O Nc6 8.
Nb3 Nf6 9. Nbxd4 Nxd4 10. Qxd4 Qxd4 11. Nxd4 a6 12. Re1 Bd7 13. Be2 Rc8 14. Bf3
b5 15. c3 Bc5 16. Nb3 Bb6 17. Be3 Bxe3 18. Rxe3 Bc6 19. Bxc6+ Rxc6 20. a4 O-O
21. axb5 axb5 22. Rd3 Rb8 23. Nd2 1/2-1/2

[Event "XVI. DBMM Schach"]
[Site "Dresden"]
[Date "2016.11.05"]
[Round "6.2"]
[White "Rietze, Clemens"]
[Black "Stanetzek, Carsten"]
[Result "1/2-1/2"]
[WhiteElo "2359"]
[BlackElo "2233"]
[Annotator "br"]
[PlyCount "101"]
[EventDate "2016.11.??"]
[SourceTitle "XVI. DBMM 2016"]
[Source "FV Schach e.V."]
[SourceDate "2017.06.14"]
[SourceVersion "1"]
[SourceVersionDate "2017.06.14"]
[SourceQuality "1"]
[WhiteTeam "AGI Frankfurt"]
[BlackTeam "Deutsche Post Bonn"]
[WhiteTeamCountry "GER"]
[BlackTeamCountry "GER"]

1. d4 d5 2. c4 c6 3. Nc3 Nf6 4. Nf3 dxc4 5. a4 Bf5 6. Ne5 Nbd7 7. Nxc4 Qc7 8.
g3 e5 9. dxe5 Nxe5 10. Bf4 Nfd7 11. Bg2 g5 12. Nxe5 gxf4 13. Nxd7 Qxd7 14.
Qxd7+ Kxd7 15. gxf4 a5 16. O-O-O+ Kc7 17. Be4 Be6 18. Rhg1 Rd8 19. Rxd8 Kxd8
20. e3 h6 21. Ne2 Bc5 22. Nd4 Bxd4 23. Rd1 c5 24. exd4 Bb3 25. Bc2 Bxc2 26.
Kxc2 cxd4 27. Rxd4+ Ke7 28. Rd5 b6 29. Rb5 Rc8+ 30. Kd3 Rc6 31. Ke4 Rc4+ 32.
Ke5 Rxa4 33. Rxb6 Rc4 34. Rxh6 Rb4 35. Ra6 Rb5+ 36. Ke4 Rxb2 37. Kf3 Ra2 38. h4
Kf8 39. Kg3 Kg7 40. f3 Ra1 41. Kg4 Rg1+ 42. Kh5 Rg3 43. Rxa5 Rxf3 44. Rg5+ Kf6
45. Kh6 Rxf4 46. h5 Rh4 47. Ra5 Rh1 48. Kh7 Ke6 49. h6 f5 50. Kg7 Rg1+ 51. Kf8
1/2-1/2

[Event "XVI. DBMM Schach"]
[Site "Dresden"]
[Date "2016.11.05"]
[Round "6.3"]
[White "Gikas, Andreas Basilius"]
[Black "Guth, Thomas"]
[Result "0-1"]
[WhiteElo "2176"]
[BlackElo "2301"]
[Annotator "br"]
[PlyCount "66"]
[EventDate "2016.11.??"]
[SourceTitle "XVI. DBMM 2016"]
[Source "FV Schach e.V."]
[SourceDate "2017.06.14"]
[SourceVersion "1"]
[SourceVersionDate "2017.06.14"]
[SourceQuality "1"]
[WhiteTeam "Deutsche Post Bonn"]
[BlackTeam "AGI Frankfurt"]
[WhiteTeamCountry "GER"]
[BlackTeamCountry "GER"]

1. e4 e6 2. d4 d5 3. Nc3 Bb4 4. e5 Ne7 5. a3 Bxc3+ 6. bxc3 c5 7. a4 Nbc6 8. Nf3
Bd7 9. Be2 Qa5 10. O-O f6 11. Ba3 fxe5 12. Bxc5 e4 13. Ng5 h6 14. Nh3 O-O-O 15.
c4 g5 16. Rb1 Nf5 17. g4 Nh4 18. Bd6 Be8 19. Bg3 dxc4 20. c3 Qxc3 21. Rc1 Qxd4
22. Rxc4 Qxd1 23. Rxd1 Rxd1+ 24. Bxd1 Nf3+ 25. Kg2 Bg6 26. Bxf3 exf3+ 27. Kxf3
Rd8 28. Rc3 Rd4 29. a5 Kd7 30. Ke2 e5 31. f3 Ra4 32. Rb3 Nxa5 33. Rb5 Kc6 0-1

[Event "XVI. DBMM Schach"]
[Site "Dresden"]
[Date "2016.11.05"]
[Round "6.4"]
[White "Buescher, Henrik"]
[Black "Dehmel, Jens"]
[Result "1-0"]
[WhiteElo "2112"]
[BlackElo "2075"]
[Annotator "fb"]
[PlyCount "91"]
[EventDate "2016.11.??"]
[SourceTitle "XVI. DBMM 2016"]
[Source "FV Schach e.V."]
[SourceDate "2017.06.14"]
[SourceVersion "1"]
[SourceVersionDate "2017.06.14"]
[SourceQuality "1"]
[WhiteTeam "AGI Frankfurt"]
[BlackTeam "Deutsche Post Bonn"]
[WhiteTeamCountry "GER"]
[BlackTeamCountry "GER"]

1. d4 d5 2. e3 Nf6 3. f4 Bf5 4. Nf3 e6 5. Be2 Be7 6. O-O c5 7. c3 Nc6 8. Ne5
Nxe5 9. fxe5 Ne4 10. Bb5+ Kf8 11. Nd2 Nxd2 12. Qxd2 g6 13. Qf2 h5 14. Bd3 Qe8
15. Bxf5 gxf5 16. c4 Qc6 17. e4 dxe4 18. d5 Qa6 19. d6 Bd8 20. Be3 b6 21. b3
Qb7 22. Rad1 Qd7 23. Kh1 f6 24. Bf4 Qg7 25. Qb2 Kf7 26. Rde1 fxe5 27. Bxe5 Bf6
28. Bxf6 Qxf6 29. Qd2 Qe5 30. Qg5 Qxd6 31. Rxe4 Rad8 32. Ree1 Qd3 33. Rf3 Qd6
34. h3 Rde8 35. Ref1 Qd7 36. R3f2 Re7 37. Rd2 Qc6 38. Rfd1 Qc7 39. Rd3 Qc6 40.
Rd8 Rxd8 41. Qxh5+ Kf6 42. Qh6+ Ke5 43. Rxd8 Qe4 44. Qh8+ Kf4 45. Qh4+ Ke5 46.
Qxe7 1-0

[Event "XVI. DBMM Schach"]
[Site "Dresden"]
[Date "2016.11.05"]
[Round "6.1"]
[White "Kleeschaetzky, Rainer"]
[Black "Gohil, Harry"]
[Result "1/2-1/2"]
[WhiteElo "2321"]
[BlackElo "2322"]
[Annotator "br"]
[PlyCount "120"]
[EventDate "2016.11.??"]
[SourceTitle "XVI. DBMM 2016"]
[Source "FV Schach e.V."]
[SourceDate "2017.06.14"]
[SourceVersion "1"]
[SourceVersionDate "2017.06.14"]
[SourceQuality "1"]
[WhiteTeam "Deutsche Bahn/BSW Berlin"]
[BlackTeam "Commerzbank Frankfurt"]
[WhiteTeamCountry "GER"]
[BlackTeamCountry "GER"]

1. e4 c5 2. c3 Nf6 3. e5 Nd5 4. Nf3 e6 5. d4 cxd4 6. cxd4 d6 7. Bc4 Nc6 8. O-O
Be7 9. Bd2 O-O 10. Nc3 Nb6 11. Bb3 dxe5 12. dxe5 Na5 13. Bc2 Nbc4 14. Bc1 Qxd1
15. Rxd1 Nc6 16. Re1 a6 17. Bd3 b5 18. a4 Nb4 19. Be4 Rb8 20. axb5 axb5 21. b3
Nb6 22. Nxb5 N6d5 23. Nbd4 Nc3 24. Nc6 $11 Nxc6 25. Bxc6 Rxb3 26. Nd2 Rb6 27.
Bf3 Ba6 28. Ba3 Bxa3 29. Rxa3 Nd5 30. Rea1 Nb4 31. Rb3 Rd8 32. Nf1 Bc4 33. Rb2
Bd5 34. Rab1 Bxf3 35. Rxb4 Rxb4 36. Rxb4 Be2 37. Rb2 Bc4 38. Ne3 Ba6 39. f3 h5
40. h4 Rd4 41. g3 Ra4 42. Kf2 Kh7 43. Rd2 Kg6 44. Rb2 Bd3 45. Ng2 Ba6 46. Nf4+
Kf5 47. Nxh5 g6 48. Nf4 Kxe5 49. Ng2 f5 50. Nf4 Kf6 51. Rb8 Bc4 52. Rg8 Kf7 53.
Rxg6 Ra2+ 54. Kg1 e5 55. Rg5 exf4 56. Rxf5+ Kg6 57. Rxf4 Bd5 58. Kf1 Bc6 59.
Kg1 Ra3 60. Kg2 Ra2+ 1/2-1/2

[Event "XVI. DBMM Schach"]
[Site "Dresden"]
[Date "2016.11.05"]
[Round "6.2"]
[White "du Maire, Jerome"]
[Black "Jauk, Wilhelm"]
[Result "1-0"]
[WhiteElo "2170"]
[BlackElo "2149"]
[Annotator "br"]
[PlyCount "75"]
[EventDate "2016.11.??"]
[SourceTitle "XVI. DBMM 2016"]
[Source "FV Schach e.V."]
[SourceDate "2017.06.14"]
[SourceVersion "1"]
[SourceVersionDate "2017.06.14"]
[SourceQuality "1"]
[WhiteTeam "Commerzbank Frankfurt"]
[BlackTeam "Deutsche Bahn/BSW Berlin"]
[WhiteTeamCountry "GER"]
[BlackTeamCountry "GER"]

1. d4 d5 2. c4 c6 3. Nf3 Nf6 4. e3 e6 5. b3 Nbd7 6. Bb2 Ne4 7. Bd3 f5 8. O-O
Bd6 9. Ba3 Bxa3 10. Nxa3 O-O 11. Nc2 b6 12. Qc1 Bb7 13. cxd5 exd5 14. Qb2 Qe7
15. Rad1 Rf6 16. Nd2 Rh6 17. f4 Re8 18. Nf3 Rf6 19. Ne5 Nxe5 20. dxe5 Rh6 21.
Nd4 Rf8 22. g3 Rg6 23. Bxe4 dxe4 24. b4 Ba6 25. Rfe1 h5 26. Rc1 h4 27. Rxc6 Rg4
28. Kg2 hxg3 29. h3 Rh4 30. Qb3+ Kh8 31. Rec1 Rh5 32. Rg6 Kh7 33. Rxg3 Rh6 34.
a3 Qd7 35. b5 Bb7 36. Qb4 Kg8 37. Qc4+ Bd5 38. Qc7 {Rest unleserlich.} 1-0

[Event "XVI. DBMM Schach"]
[Site "Dresden"]
[Date "2016.11.05"]
[Round "6.3"]
[White "Woschech, Andreas"]
[Black "Hummel, Dennis"]
[Result "1-0"]
[WhiteElo "2197"]
[BlackElo "2029"]
[Annotator "br"]
[PlyCount "93"]
[EventDate "2016.11.??"]
[SourceTitle "XVI. DBMM 2016"]
[Source "FV Schach e.V."]
[SourceDate "2017.06.14"]
[SourceVersion "1"]
[SourceVersionDate "2017.06.14"]
[SourceQuality "1"]
[WhiteTeam "Deutsche Bahn/BSW Berlin"]
[BlackTeam "Commerzbank Frankfurt"]
[WhiteTeamCountry "GER"]
[BlackTeamCountry "GER"]

1. e4 e6 2. f4 d5 3. e5 c5 4. Nf3 b6 5. c3 a5 6. Na3 Be7 7. d4 Nh6 8. Be3 Ba6
9. Bxa6 Nxa6 10. Nc2 Qd7 11. O-O Nf5 12. g4 Nxe3 13. Nxe3 h5 14. h3 hxg4 15.
hxg4 O-O-O 16. Qe2 Kb7 17. Kg2 Rh6 18. Rh1 Rdh8 19. Rxh6 Rxh6 20. Rd1 cxd4 21.
cxd4 Rh8 22. Rc1 Rc8 $11 23. Rxc8 Qxc8 24. Qd1 Nb4 25. a3 Nc6 26. Qc2 Qh8 27.
Nd1 Qh6 28. Qc1 f6 29. Nf2 Qg6 30. Qd1 Qh6 31. Kg3 fxe5 32. dxe5 Bd8 33. Qd3 g6
34. Nh3 Be7 35. Qd1 Qg7 36. Qd2 Bc5 37. Nhg5 Qg8 38. Qh2 Kc8 39. Nh7 Qg7 40. a4
Be7 41. g5 Bc5 42. Qh6 Qf7 43. Nf6 Kc7 44. Qh8 Bf8 45. Nh4 Ne7 46. Qh7 Bg7 47.
Qxg7 1-0

[Event "XVI. DBMM Schach"]
[Site "Dresden"]
[Date "2016.11.05"]
[Round "6.4"]
[White "Fischer, Alexander"]
[Black "Kleeschaetzky, Ralf"]
[Result "1/2-1/2"]
[WhiteElo "2038"]
[BlackElo "2209"]
[Annotator "fb"]
[PlyCount "121"]
[EventDate "2016.11.??"]
[SourceTitle "XVI. DBMM 2016"]
[Source "FV Schach e.V."]
[SourceDate "2017.06.14"]
[SourceVersion "1"]
[SourceVersionDate "2017.06.14"]
[SourceQuality "1"]
[WhiteTeam "Commerzbank Frankfurt"]
[BlackTeam "Deutsche Bahn/BSW Berlin"]
[WhiteTeamCountry "GER"]
[BlackTeamCountry "GER"]

1. d4 d5 2. c4 e6 3. Nc3 Nf6 4. cxd5 exd5 5. Bg5 Be7 6. e3 O-O 7. Bd3 h6 8. Bh4
b6 9. Rc1 Nbd7 10. Nf3 Bb7 11. O-O a6 12. Qc2 Re8 13. Rfe1 Nh5 14. Bxe7 Rxe7
15. Qe2 Nhf6 16. Nh4 g6 17. f3 c5 18. Qf2 c4 19. Bb1 Qe8 20. Re2 Nf8 21. Rce1
b5 22. e4 b4 23. exd5 Rxe2 24. Rxe2 Qd8 25. Ne4 Bxd5 26. g3 Bxe4 27. Bxe4 Ra7
28. d5 Rd7 29. Qc5 a5 30. Qxc4 Nxd5 31. Kg2 Kg7 32. Qb5 Nf6 33. Bc6 Rd2 34. Qe5
Rxe2+ 35. Qxe2 Ne6 36. Ba4 Nd4 37. Qd3 Qd5 38. Bb3 Nxb3 39. Qxd5 Nxd5 40. axb3
Ne3+ 41. Kf2 Nd1+ 42. Ke2 Nxb2 43. Kd2 a4 44. bxa4 Nxa4 45. Kc2 Nc5 46. Ng2 Kf6
47. Ne3 Ke6 48. Kb2 f5 49. Nc2 Nd3+ 50. Kb3 Kd5 51. Ne3+ Kc5 52. Ng2 Ne5 53.
Nh4 g5 54. Nxf5 Nxf3 55. Nxh6 Nxh2 56. g4 Nf3 57. Nf7 Nd4+ 58. Kb2 Ne6 59. Kb3
Nd4+ 60. Kb2 Nf3 61. Kb3 1/2-1/2

[Event "XVI. DBMM Schach"]
[Site "Dresden"]
[Date "2016.11.05"]
[Round "6.1"]
[White "Gottschalk, Jens"]
[Black "Engelmann, Jakob"]
[Result "1/2-1/2"]
[WhiteElo "2282"]
[BlackElo "2256"]
[Annotator "br"]
[PlyCount "23"]
[EventDate "2016.11.??"]
[SourceTitle "XVI. DBMM 2016"]
[Source "FV Schach e.V."]
[SourceDate "2017.06.14"]
[SourceVersion "1"]
[SourceVersionDate "2017.06.14"]
[SourceQuality "1"]
[WhiteTeam "R + V Versicherung Wiesbaden"]
[BlackTeam "RWE Essen"]
[WhiteTeamCountry "GER"]
[BlackTeamCountry "GER"]

1. d4 d5 2. c4 c6 3. Nf3 Nf6 4. e3 a6 5. b3 Bg4 6. Be2 e6 7. O-O Nbd7 8. Bb2
Be7 9. Nbd2 O-O 10. h3 Bh5 11. Qc2 Bg6 12. Bd3 1/2-1/2

[Event "XVI. DBMM Schach"]
[Site "Dresden"]
[Date "2016.11.05"]
[Round "6.2"]
[White "Limbourg, Philipp"]
[Black "Seidler, Lukas"]
[Result "1/2-1/2"]
[WhiteElo "2206"]
[BlackElo "2196"]
[Annotator "br"]
[PlyCount "56"]
[EventDate "2016.11.??"]
[SourceTitle "XVI. DBMM 2016"]
[Source "FV Schach e.V."]
[SourceDate "2017.06.14"]
[SourceVersion "1"]
[SourceVersionDate "2017.06.14"]
[SourceQuality "1"]
[WhiteTeam "RWE Essen"]
[BlackTeam "R + V Versicherung Wiesbaden"]
[WhiteTeamCountry "GER"]
[BlackTeamCountry "GER"]

1. e4 c5 2. Nc3 a6 3. g3 b5 4. Bg2 Bb7 5. Nge2 e6 6. O-O Qc7 7. d3 Nc6 8. Be3
Nf6 9. h3 O-O-O 10. d4 cxd4 11. Nxd4 Nxd4 12. Qxd4 d5 13. exd5 Nxd5 14. Nxd5
Bxd5 15. Bxd5 Rxd5 16. Qe4 Qe5 17. Qg2 Be7 18. Bf4 Qd4 19. a4 Rhd8 20. axb5
axb5 21. c3 Qb6 22. b3 Kd7 23. c4 Rd3 24. Be3 Bc5 25. Rfd1 Ke7 26. Rxd3 Rxd3
27. Bxc5+ Qxc5 28. cxb5 Rxb3 1/2-1/2

[Event "XVI. DBMM Schach"]
[Site "Dresden"]
[Date "2016.11.05"]
[Round "6.3"]
[White "Werner, Gregor"]
[Black "Broszeit, Peter"]
[Result "1/2-1/2"]
[WhiteElo "2128"]
[BlackElo "1970"]
[Annotator "br"]
[PlyCount "50"]
[EventDate "2016.11.??"]
[SourceTitle "XVI. DBMM 2016"]
[Source "FV Schach e.V."]
[SourceDate "2017.06.14"]
[SourceVersion "1"]
[SourceVersionDate "2017.06.14"]
[SourceQuality "1"]
[WhiteTeam "R + V Versicherung Wiesbaden"]
[BlackTeam "RWE Essen"]
[WhiteTeamCountry "GER"]
[BlackTeamCountry "GER"]

1. d4 Nf6 2. c4 c5 3. d5 b5 4. Nd2 d6 5. e4 g6 6. Ngf3 Nbd7 7. cxb5 a6 8. bxa6
Bg7 9. Bd3 O-O 10. O-O Bxa6 11. Bxa6 Rxa6 12. Qe2 Qb6 13. a3 Rb8 14. Re1 Qb5
15. Qxb5 Rxb5 16. Rb1 Nb6 17. b3 Nfd7 18. a4 Rba5 19. Bb2 Bxb2 20. Rxb2 c4 21.
Nxc4 Nxc4 22. bxc4 Nc5 23. Ra2 Rxa4 24. Rxa4 Rxa4 25. Nd2 Ra2 1/2-1/2

[Event "XVI. DBMM Schach"]
[Site "Dresden"]
[Date "2016.11.05"]
[Round "6.4"]
[White "Broksch, Dirk"]
[Black "Launert, Martin"]
[Result "0-1"]
[WhiteElo "1902"]
[BlackElo "1880"]
[Annotator "br"]
[PlyCount "55"]
[EventDate "2016.11.??"]
[SourceTitle "XVI. DBMM 2016"]
[Source "FV Schach e.V."]
[SourceDate "2017.06.14"]
[SourceVersion "1"]
[SourceVersionDate "2017.06.14"]
[SourceQuality "1"]
[WhiteTeam "RWE Essen"]
[BlackTeam "R + V Versicherung Wiesbaden"]
[WhiteTeamCountry "GER"]
[BlackTeamCountry "GER"]

1. d4 d5 2. Nf3 Nf6 3. e3 Bg4 4. c4 dxc4 5. Bxc4 e6 6. Qb3 Bxf3 7. gxf3 Nbd7 8.
Qxb7 c5 9. dxc5 Bxc5 10. Nc3 O-O 11. f4 Nb6 12. Be2 Nfd5 13. a3 Nxc3 14. bxc3
Qf6 15. Bd2 Nd5 16. Qb2 Qh4 17. O-O f5 18. Kh1 Rab8 19. Qc2 Rf6 20. Rg1 Qxf2
21. Be1 Qxe3 22. Rg3 Qxf4 23. Rxg7+ Kxg7 24. Bg3 Qe3 25. Bxb8 Rg6 26. Bg3 f4
27. Qd3 fxg3 28. Qxe3 0-1

[Event "XVI. DBMM Schach"]
[Site "Dresden"]
[Date "2016.11.05"]
[Round "6.1"]
[White "Hoffmann, Hendrik"]
[Black "Haasler, Andreas"]
[Result "0-1"]
[WhiteElo "2266"]
[BlackElo "2202"]
[Annotator "br"]
[PlyCount "60"]
[EventDate "2016.11.??"]
[SourceTitle "XVI. DBMM 2016"]
[Source "FV Schach e.V."]
[SourceDate "2017.06.14"]
[SourceVersion "1"]
[SourceVersionDate "2017.06.14"]
[SourceQuality "1"]
[WhiteTeam "le-tex Publishing Services Leipzig"]
[BlackTeam "Deutsche Bahn/BSW Frankfurt/M"]
[WhiteTeamCountry "GER"]
[BlackTeamCountry "GER"]

1. e4 Nf6 2. e5 Nd5 3. Nc3 Nxc3 4. bxc3 d5 5. f4 c5 6. d4 Nc6 7. Nf3 Bg4 8. Be2
e6 9. O-O Be7 10. Be3 Qa5 11. Qe1 cxd4 12. cxd4 Qxe1 13. Rfxe1 O-O 14. c4 Nb4
15. Rec1 Bf5 16. Ne1 dxc4 17. Bxc4 Be4 18. a3 Nd5 19. Bxd5 $11 Bxd5 20. Nd3
Rfc8 21. Rxc8+ Rxc8 22. Rc1 Rxc1+ 23. Bxc1 Kf8 24. g3 b6 25. Kf2 Ke8 26. Ke3
Kd7 27. Kd2 a5 28. Kc3 Kc6 29. a4 Bf3 30. Ne1 Bb4+ 0-1